<?xml version="1.0" encoding="UTF-8"?>
<record
    xmlns:xsi="http://www.w3.org/2001/XMLSchema-instance"
    xsi:schemaLocation="http://www.loc.gov/MARC21/slim http://www.loc.gov/standards/marcxml/schema/MARC21slim.xsd"
    xmlns="http://www.loc.gov/MARC21/slim">

  <leader>00871nac a22001691u 4500</leader>
  <controlfield tag="008">101005s2003    xxu||||| |||| 00| 0 ara d</controlfield>
  <datafield tag="082" ind1=" " ind2=" ">
    <subfield code="a">142</subfield>
    <subfield code="b">&#x642; &#x644; &#x628;</subfield>
  </datafield>
  <datafield tag="110" ind1=" " ind2=" ">
    <subfield code="a">Al MAgles Al Alaa Lel Thakafa</subfield>
    <subfield code="9">20062</subfield>
  </datafield>
  <datafield tag="245" ind1=" " ind2=" ">
    <subfield code="a">&#x641;&#x64A; &#x642;&#x644;&#x628; &#x627;&#x644;&#x634;&#x631;&#x642; :</subfield>
    <subfield code="b">&#x642;&#x631;&#x627;&#x621;&#x629; &#x645;&#x639;&#x627;&#x635;&#x631;&#x629; &#x644;&#x623;&#x639;&#x645;&#x627;&#x644; &#x644;&#x648;&#x64A;&#x633; &#x645;&#x627;&#x633;&#x64A;&#x646;&#x64A;&#x648;&#x646; /</subfield>
    <subfield code="c">&#x62A;&#x631;&#x62C;&#x645;&#x629; &#x627;&#x644;&#x623;&#x628;&#x62D;&#x627;&#x62B; &#x627;&#x644;&#x641;&#x631;&#x646;&#x633;&#x64A;&#x629; &#x632;&#x64A;&#x646;&#x628; &#x645;&#x62D;&#x645;&#x648;&#x62F; &#x627;&#x644;&#x62E;&#x636;&#x64A;&#x631;&#x64A; &#x61B; &#x645;&#x631;&#x627;&#x62C;&#x639;&#x629; &#x627;&#x644;&#x623;&#x628;&#x62D;&#x627;&#x62B; &#x627;&#x644;&#x639;&#x631;&#x628;&#x64A;&#x629; &#x62D;&#x633;&#x646; &#x62D;&#x646;&#x641;&#x649;</subfield>
  </datafield>
  <datafield tag="260" ind1=" " ind2=" ">
    <subfield code="a">&#x627;&#x644;&#x642;&#x627;&#x647;&#x631;&#x629; :</subfield>
    <subfield code="b">&#x627;&#x644;&#x645;&#x62C;&#x644;&#x633; &#x627;&#x644;&#x623;&#x639;&#x644;&#x649; &#x644;&#x644;&#x62B;&#x642;&#x627;&#x641;&#x629; &#x60C;2003</subfield>
    <subfield code="c">2003.</subfield>
  </datafield>
  <datafield tag="300" ind1=" " ind2=" ">
    <subfield code="a">347 &#x635; &#x61B;</subfield>
    <subfield code="b">&#x627;&#x64A;&#x636; :</subfield>
    <subfield code="c">24 &#x633;&#x645;.</subfield>
  </datafield>
  <datafield tag="504" ind1=" " ind2=" ">
    <subfield code="a">&#x628;&#x628;&#x644;&#x64A;&#x648;&#x62C;&#x631;&#x627;&#x641;&#x64A;&#x629; &#x635; 325-337</subfield>
  </datafield>
  <datafield tag="511" ind1=" " ind2=" ">
    <subfield code="a">Catalogued by: Sara</subfield>
  </datafield>
  <datafield tag="700" ind1=" " ind2=" ">
    <subfield code="a">&#x627;&#x644;&#x62E;&#x636;&#x64A;&#x631;&#x649; &#x60C; &#x632;&#x64A;&#x646;&#x628; &#x645;&#x62D;&#x645;&#x648;&#x62F;</subfield>
    <subfield code="9">20069</subfield>
    <subfield code="e">&#x62A;&#x631;&#x62C;&#x645;&#x629; &#x627;&#x644;&#x623;&#x628;&#x62D;&#x627;&#x62B; &#x627;&#x644;&#x641;&#x631;&#x646;&#x633;&#x64A;&#x629;</subfield>
  </datafield>
  <datafield tag="710" ind1=" " ind2=" ">
    <subfield code="a">Al Markaz Al Ferensey Lel Thakafa Wa Al Taawon</subfield>
    <subfield code="9">20068</subfield>
  </datafield>
  <datafield tag="942" ind1=" " ind2=" ">
    <subfield code="c">BB</subfield>
    <subfield code="k">142 &#x642; &#x644; &#x628;</subfield>
    <subfield code="2">ddc</subfield>
  </datafield>
  <datafield tag="999" ind1=" " ind2=" ">
    <subfield code="c">7441</subfield>
    <subfield code="d">7441</subfield>
  </datafield>
  <datafield tag="952" ind1=" " ind2=" ">
    <subfield code="0">0</subfield>
    <subfield code="1">0</subfield>
    <subfield code="2">ddc</subfield>
    <subfield code="4">0</subfield>
    <subfield code="7">0</subfield>
    <subfield code="8">Alef-Baa</subfield>
    <subfield code="a">MAIN</subfield>
    <subfield code="b">MAIN</subfield>
    <subfield code="c">LOW</subfield>
    <subfield code="d">2008-01-24</subfield>
    <subfield code="e">purchase</subfield>
    <subfield code="o">142 &#x642; &#x644; &#x628;</subfield>
    <subfield code="p">000008885</subfield>
    <subfield code="r">2025-07-15 00:00:00</subfield>
    <subfield code="y">BB</subfield>
  </datafield>
</record>
